01295nac a22003257a 4500001001000000003000900010005001700019008003400036040005400070072000800124090001900132100001800151100001700169100002100186110012400207245011200331260004100443300001000484490014600494500002100640650001000661650002400671650001600695650001000711650001900721909004700740942001700787999001900804952014600823BR7305634BR-BrBNA20240105113531.0230509b bl.|||m| |||| 00| 0 por d aBR-BrBNAbporcBiblioteca Nacional de Agricultura aL30 a5300 BR73056341 aPerdomo, C.C.1 aGaitan, J.A.1 aOliveira, J.A.V.1 aEmpresa Brasileira de Pesquisa Agropecuaria, Florianopolis, SC (Brasil). Representacao Estadual de Santa Catarina938871 aTeste de concentrados proteicos comerciais para suinos em crescimento e terminacao [Santa Catarina, Brasil]3 aFlorianopolis, SC (Brasil): c1977.  a16 p. aIndicacao da Pesquisa - Empresa Brasileira de Pesquisa Agropecuaria. Representacao Estadual de Santa Catarina (Brazil)vno. 3xISSN 0100-4301 a5 tables; 8 ref. aRACAO aSUPLEMENTO PROTEICO aCRESCIMENTO aSUINO aSANTA CATARINA a202312bLúcia Elandec55dLúcia Elande 2AGRISn0cMS c264288d264288 002AGRIS40708Acervo Gerala41918b41918cAGROBASEl0o5300 BR7305634p5300 BR7305634r2023-12-18yMSePortaria Interministerial nº 164/94